000 00640nam a2200277Ia 4500
005 20260324141013.0
008 008 260324s9999 xx 000 0 eng d
020 _a9781315008219
037 _aEBOOK
040 _aCRL
040 _beng
040 _cCRL
041 _2eng
041 _aeng
084 _qCRL
100 _aKimbell Young
_91206555
245 0 _aPersonality and Problems of Adjustment
260 _bTaylor and Francis
260 _c1998
365 _a
365 _b300
856 _uhttp://www.taylorfrancis.com/books/9781315008219
942 _cEBOOK
999 _c1809195
_d1809195